| 000 | 00984cam a22003011 4500 | ||
|---|---|---|---|
| 001 | 9397638 | ||
| 003 | ARRUPE | ||
| 005 | 20131211020006.0 | ||
| 008 | 740829s1965 nyu b 000 0 eng | ||
| 010 | _a 65014790 | ||
| 035 | _a(OCoLC)993294 | ||
| 040 |
_aDLC _cOWibfU _dOCoLC _dDNLM _dDLC |
||
| 042 | _apremarc | ||
| 050 | 0 | 0 |
_aBF44 _b.L8 |
| 060 | 0 |
_aBF 44 _bL8 1965 |
|
| 082 | _a150.15128 | ||
| 100 | 1 |
_aLuchins, Abraham S. _95139 |
|
| 245 | 1 | 0 |
_aLogical foundations of mathematics for behavioral scientists _c[by] Abraham S. Luchins [and] Edith H. Luchins. |
| 260 |
_aNew York, _bHolt, Rinehart and Winston _c[1965] |
||
| 300 |
_axii, 436 p. _c24 cm. |
||
| 504 | _aBibliography: p. 394-418. | ||
| 650 | 0 |
_aMathematics _xPhilosophy. _95140 |
|
| 650 | 0 |
_aLogic, Symbolic and mathematical. _95141 |
|
| 650 | 0 |
_aPsychology. _920 |
|
| 700 | 1 |
_aLuchins, Edith Hirsch, _ejoint author. _95142 |
|
| 906 |
_a7 _bcbc _coclcrpl _du _encip _f19 _gy-gencatlg |
||
| 942 |
_2lcc _cMONOGRAPH _01 |
||
| 999 |
_c119079 _d119079 |
||